00576nam a2200229Ia 4500008004000000020001800040041000800058082001700066100001800083245006300101250000500164260006400169300001500233650001300248650001300261650001100274650000700285650001300292650001600305650000700321700001800328210210b2017 xxu||||| |||| 00| 0 eng d a9789386286475 aeng a338.954 AGRI aAGRAWAL (A N) aIndian economy: problems of development and planning Ed 42 a aLondonbNew Age International (P) Limited Publishersc2017 axvi,741+24 aproblems aplanning aIndian aEd aeconomy: adevelopment a42 aAGARWAL (M K)